| 000 | 00983nam0a22002891 4500 | ||
|---|---|---|---|
| 001 | rc\381286 | ||
| 005 | 20250621044312.0 | ||
| 010 |
_a5-206-00035-3 _950000 |
||
| 035 | _a(NLR Aleph) 005579100 | ||
| 090 |
_a6092973 _c6092973 |
||
| 100 | _a20030307d1989 |||y0rusy50 ca | ||
| 101 | 0 | _arus | |
| 102 | _aRU | ||
| 105 | _ay ||||||||| | ||
| 200 | 1 |
_aГолоса из Китая _eДвадцать два интервью _eПер. с кит. _fЧжан Синьсинь, Сан Е. _gПредисл. и сост. В. Сорокина |
|
| 210 |
_aМ. _cИзвестия _d1989 |
||
| 215 |
_a182, [2] с. _d17 |
||
| 225 | 1 | _aБиблиотека журнала "Иностранная Литература" | |
| 700 | 1 |
_aЧжан Синьсинь _bС.Е. _gСан Е. |
|
| 801 | 0 |
_aRU _bNLR _gpsbo |
|
| 801 | 1 |
_aRU _bELAR _2rusmarc |
|
| 852 |
_aNLR _bОЛСАА-сл-спр _j2-3431 |
||
| 852 |
_aNLR _j90-2/124 |
||
| 942 | _cBOOK | ||
| 980 | _aNB | ||
| 980 | 1 | _aSL_SPR | |